Представление документа в формате RUSMARC

Поле Инд. ПП Название Значение
Тип записи a
Библиографический уровень a
001 Контрольный номер 72758eaabd9746ad8f3e5b17a0d1d58e
005 Дата корректировки 20181120134550.1
100 a Данные общей обработки 20180904 ||| 0rusy0189 ca
101 0_ a Язык текста rus
102 a Страна публикации RU
200 1_ f Первые сведения об ответственности К.А. Пономарева
a Заглавие О методологии сравнительно-правовых исследований в налоговом праве
210 d Дата издания 2018
461 _0 1 2000
a Финансовое право
463 _0 1 2000
a №5
v С. 31-35
1 2101
d 2018
1 0015e82184ea5594d60a9dedc0cb2ee3e80
606 a Основная рубрика Финансовое право
610 0_ a Ключевые слова СРАВНИТЕЛЬНОЕ ПРАВОВЕДЕНИЕ
a Ключевые слова НАЛОГОВОЕ ПРАВО
a Ключевые слова НАЛОГООБЛОЖЕНИЕ
a Ключевые слова МЕТОДОЛОГИЯ
700 _1 a Фамилия Пономарева
b Имя К.А.
801 _0 a Страна RU
b Организация РГУП
c Дата составления 20180904
g Правила каталогизации PSBO
801 _1 a Страна RU
b Организация РГУП
c Дата составления 20180904
g Правила каталогизации PSBO
901 t Тип документа b
w Контрольный № источника 5e82184ea5594d60a9dedc0cb2ee3e80
905 a Дата ввода 20180904